000 00568nam a22001817a 4500
005 20251108165243.0
008 250721s1985 xx 000 0 ara d
082 1 4 _a551.83/عبد
100 1 _aأبو العطا، عبد العظيم
245 1 0 _aنهر النيل الماضي و الحاضر و المستقبل /
264 1 _aالقاهره :
_bدار المستقبل العربي،
_c1985.
300 _a222ص
650 1 7 _aنهر النيل
700 1 _aشهاب، مفيد
700 1 _aرضا، دفع الله
942 _2ddc
_cBK
999 _c23307
_d23307